Statistics for 50 Most Famous Athletes 2017

Click here to take the quiz!

General Stats

  • This quiz has been taken 137 times
  • The average score is 18 of 50

Answer Stats

#AthleteSport% Correct
1Cristiano RonaldoSoccer
96%
3Lionel MessiSoccer
95%
2LeBron JamesBasketball
89%
4Roger FedererTennis
84%
10Tiger WoodsGolf
83%
6NeymarSoccer
76%
9Rafael NadalTennis
76%
11Stephen CurryBasketball
69%
7Usain BoltTrack & Field
69%
19Serena WilliamsTennis
65%
25Conor McGregorMMA
61%
8Kevin DurantBasketball
57%
12Novak DjokovicTennis
57%
32Andy MurrayTennis
46%
21Tom BradyFootball
45%
38Luis SuárezSoccer
40%
35Russell WestbrookBasketball
40%
31Wayne RooneySoccer
35%
22Gareth BaleSoccer
34%
26Zlatan IbrahimovicSoccer
34%
28James HardenBasketball
33%
40Paul PogbaSoccer
32%
5Phil MickelsonGolf
30%
14Rory McIlroyGolf
30%
24Dwyane WadeBasketball
28%
34Kyrie IrvingBasketball
28%
17Jordan SpiethGolf
27%
23Maria SharapovaTennis
27%
41Carmelo AnthonyBasketball
26%
37Andrés IniestaSoccer
25%
49Sergio AgüeroSoccer
25%
43Dustin JohnsonGolf
22%
44Karim BenzemaSoccer
22%
48Simone BilesGymnastics
22%
39Anderson SilvaMMA
21%
36Antoine GriezmannSoccer
21%
16Ronda RouseyMMA
19%
29Alexis SánchezSoccer
18%
30Mesut ÖzilSoccer
17%
42Stan WawrinkaTennis
17%
27James RodríguezSoccer
12%
33Derrick RoseBasketball
10%
20Kei NishikoriTennis
10%
18KakáSoccer
9%
45Marcelo VieiraSoccer
9%
46Radamel FalcaoSoccer
9%
47Cam NewtonFootball
8%
13Virat KohliCricket
7%
50Ivan RakitićSoccer
6%
15Mahendra Singh DhoniCricket
4%

Score Distribution

Percentile by Number Answered

Percent of People with Each Score

Your Score History

You have not taken this quiz